00961 2200313 4500001002100000005001500021035002000036007000300056008004100059020002200100040001700122082001600139084001800155100001900173245017500192250002800367260002800395300003400423650003000457700002000487700001900507700001800526850001200544041000800556504002900564990001800593990001800611990001800629INLIS00000000081791020181203013030 a0010-1118000256ta181119s2016 yoia g ind d a978-602-300-287-0 aYOPDYOGbind04223a499.221 a499.221 ANJ p0 aAnjar Murtiani1 aPedoman umum EBI Ejaan Bahasa Indonesia :bpedoman terbaru dan terlengkap ejaan bahasa Indonesia /cAnjar Murtiani, Fita Nur Arifah, Lia Noviastuti; editor, Muh. Muhlisin aCetakan I, Agustus 20163 aBantul :bAraska,c2016 a221 halaman :btabel ;c23 cm 4aBahasa Indonesia--vEjaan0 aFita Nur Arifah0 aLia Noviastuti0 aMuh. Muhlisin aYOPDYOG0 aind aBibliografi: halaman 220 a34283-PD/B.18 a34284-PD/B.18 a34285-PD/B.18